000 00303nam a2200133Ia 4500
005 20260326235451.0
008 260326s9999||||xx |||||||||||||| ||und||
100 _aCemex
245 0 _aXV Premio Obras Cemex /
_cCemex
260 _bCemex
300 _a347 p.
650 _aARQUITECTURA CIVIL
942 _cBK
999 _c7767
_d7767